Statistics for All the stage one team affinity's MLB the show 20

Click here to take the quiz!

General Stats

  • This quiz has been taken 44 times
  • The average score is 14 of 30

Answer Stats

HintAnswer% Correct
NYYGleybor Torres
74%
BOSRafael Devers
68%
BALTrey Mancini
65%
OAKMatt Olson
62%
ATLOzzie Albies
62%
CHIAnthony Rizzo
59%
MINByron Buxton
59%
LAAShohei Ohtani
59%
HOUCarlos Correa
56%
WASJuan Soto
56%
TORVladimir Guerrero
53%
TEXJoey Gallo
50%
KCWhit Merrifield
50%
MIABrain Anderson
47%
SDFernando Tatis
47%
TBBlake Snell
44%
CINJoey Votto
44%
NYMMicheal Conforto
44%
MILLorenzo Cain
41%
LADJustin Turner
38%
SEAKyle Seager
38%
STLYadier Molina
38%
CHWYoan Moncada
38%
PHIAaron Nola
35%
SFBuster Posey
35%
DETMathew Boyd
35%
CLECarlos Santana
32%
COLCharlie Blackmon
32%
ARIDavid Peralta
24%
PITJosh Bell
24%

Score Distribution

Percentile by Number Answered

Percent of People with Each Score

Your Score History

You have not taken this quiz